Неорганическая химия (Запись № 11766477)

Подробности
000 -МАРКЕР
контрольное поле 01758nam1a2200277 i 4500
001 - ИДЕНТИФИКАТОР ЗАПИСИ
контрольное поле RU\NLR\BIBL_A\011779029
005 - ИДЕНТИФИКАТОР ВЕРСИИ
контрольное поле 20240921143942.0
035 ## - ДРУГИЕ СИСТЕМНЫЕ НОМЕРА
Идентификатор записи (NLR Aleph) 011779029
100 ## - ДАННЫЕ ОБЩЕЙ ОБРАБОТКИ
Данные общей обработки 20180829d2018 km y0rusy50 ca
101 0# - ЯЗЫК РЕСУРСА
Язык текста, звукозаписи и т.д. русский
102 ## - СТРАНА ПУБЛИКАЦИИ ИЛИ ПРОИЗВОДСТВА
Страна публикации Российская Федерация
105 ## - ПОЛЕ КОДИРОВАННЫХ ДАННЫХ: ТЕКСТОВЫЕ МАТЕРИАЛЫ, МОНОГРАФИЧЕСКИЕ
Кодированные данные о монографическом текстовом документе ||||j||||||||
200 1# - ЗАГЛАВИЕ И СВЕДЕНИЯ ОБ ОТВЕТСТВЕННОСТИ
Основное заглавие Неорганическая химия
Сведения, относящиеся к заглавию лабораторные, семинарские и практические занятия
-- учебное пособие для вузов
-- [для студентов химического факультета Томского университета по специальности 01 1000-Химия
-- в двух томах]
Первые сведения об ответственности Н.А. Скорик, Л.П. Борило, Н.М. Коротченко
Последующие сведения об ответственности Министерство образования и науки Российской федерации, Национальный исстедовательский Томский государтсвенный университет
205 ## - СВЕДЕНИЯ ОБ ИЗДАНИИ
Сведения об издании Изд. 2-е, перераб. и доп.
210 ## - ПУБЛИКАЦИЯ, РАСПРОСТРАНЕНИЕ И ДР.
Место издания, распространения и т.д. Томск
Имя издателя, распространителя и т. д. Томский государственный университет
Дата издания, распространения и т.д. 2018
215 ## - ФИЗИЧЕСКАЯ ХАРАКТЕРИСТИКА
Размеры 26
606 1# - НАИМЕНОВАНИЕ ТЕМЫ КАК ПРЕДМЕТ
Наименование темы Неорганическая химия
Формальный подзаголовок Учебные издания для высших учебных заведений
Тематический подзаголовок Лабораторная практика
Системный номер авторитетной/нормативной записи 2553360
Идентификатор авторитетной/нормативной записи RU\NLR\AUTH\661510771
686 1# - ИНДЕКСЫ ДРУГИХ КЛАССИФИКАЦИЙ
Индекс Г1я73-5
700 #1 - ИМЯ ЛИЦА - ПЕРВИЧНАЯ ОТВЕТСТВЕННОСТЬ
Начальный элемент ввода Скорик
Часть имени, кроме начального элемента ввода Н. А.
Расширение инициалов личного имени Нина Алексеевна
701 #1 - ИМЯ ЛИЦА - АЛЬТЕРНАТИВНАЯ ОТВЕТСТВЕННОСТЬ
Начальный элемент ввода Борило
Часть имени, кроме начального элемента ввода Л. П.
Расширение инициалов личного имени Людмила Павловна
701 #1 - ИМЯ ЛИЦА - АЛЬТЕРНАТИВНАЯ ОТВЕТСТВЕННОСТЬ
Начальный элемент ввода Коротченко
Часть имени, кроме начального элемента ввода Н. М.
Расширение инициалов личного имени Наталья Михайловна
852 ## - МЕСТОНАХОЖДЕНИЕ И ШИФР ХРАНЕНИЯ
Идентификатор организации NLR
Шифр хранения (Call Number) 2018-7/4625
942 ## - ДОПОЛНИТЕЛЬНЫЕ ЭЛЕМЕНТЫ ЗАПИСИ (АБИС)
Тип экземпляра АБИС Книга

Нет доступных экземпляров.